| 000 | 005120000a22001810004500 | ||
|---|---|---|---|
| 003 | MACL | ||
| 005 | 20160522142132.0 | ||
| 008 | 160522b xxu||||| |||| 00| 0 eng d | ||
| 040 |
_aMACL _cMACL |
||
| 041 | _aHindi | ||
| 082 | _a891.433 | ||
| 100 |
_aपरदेशी _958832 |
||
| 245 |
_aमेहंदी के फूल _cपरदेशी |
||
| 260 |
_bगंगा प्रकाशन _c2002 _aदिल्ली |
||
| 350 | _a150 | ||
| 650 |
_aStory _958833 |
||
| 942 |
_cHIN _k800/PAR/S _2ddc |
||
| 999 |
_c10800 _d10800 |
||